Southville International School and Colleges
Your cart is empty.
  • Cart
  • Lists
    Public lists Eva Luna New books Lux_list list_1
    Your lists Log in to create your own lists
  • Log in to your account
  • Your cookies
  • Search history
Southville International School and Colleges
  • Advanced search
  • Recent comments
  • Most popular
  • Libraries

Log in to your account

Log in with GOOGLE


If you do not have an external account, but do have a local account, you can still log in:

  1. Home
  2. MARC view: I like you just because;
Normal view MARC view ISBD view

I like you just because; (Record no. 284577)

[ view plain ]
MARC details
000 -LEADER
fixed length control field 00739cam a2200253 4500
001 - CONTROL NUMBER
control field 2218606
003 - CONTROL NUMBER IDENTIFIER
control field PILC
005 - DATE AND TIME OF LATEST TRANSACTION
control field 20150603085924.0
008 - FIXED-LENGTH DATA ELEMENTS--GENERAL INFORMATION
fixed length control field 710204s1970 ilua 000 0 eng
010 ## - LIBRARY OF CONGRESS CONTROL NUMBER
LC control number 75139971
020 ## - INTERNATIONAL STANDARD BOOK NUMBER
International Standard Book Number 0819904228
040 ## - CATALOGING SOURCE
Original cataloging agency DLC
Transcribing agency DLC
Modifying agency DLC
050 00 - LIBRARY OF CONGRESS CALL NUMBER
Classification number PS 3564.I46
Item number .N713 1970
082 00 - DEWEY DECIMAL CLASSIFICATION NUMBER
Classification number 811/.5/4
100 1# - MAIN ENTRY--PERSONAL NAME
Personal name Nimeth, Albert J.
245 10 - TITLE STATEMENT
Title I like you just because;
Remainder of title thoughts on friendship
Statement of responsibility, etc Albert J. Nimeth.
260 ## - PUBLICATION, DISTRIBUTION, ETC. (IMPRINT)
Place of publication, distribution, etc Chicago :
Name of publisher, distributor, etc Franciscan Herald Press,
Date of publication, distribution, etc 1970.
300 ## - PHYSICAL DESCRIPTION
Extent 112 pages :
Other physical details illustrations ;
Dimensions 19 cm.
350 ## - PRICE (NR) (BK AM CF MU VM SE) [OBSOLETE]
Price $3.50
500 ## - GENERAL NOTE
General note Sequel: Of course I love you.
650 #0 - SUBJECT ADDED ENTRY--TOPICAL TERM
Topical term or geographic name as entry element Friendship.
906 ## - LOCAL DATA ELEMENT F, LDF (RLIN)
a 7
b cbc
c orignew
d 2
e ncip
f 19
g y-gencatlg
942 ## - ADDED ENTRY ELEMENTS (KOHA)
Source of classification or shelving scheme Library of Congress Classification
Koha item type Books
Call number prefix Foreign
Holdings
Withdrawn status Lost status Source of classification or shelving scheme Damaged status Home library Current library Shelving location Date acquired Source of acquisition Sub Shelving location Total Checkouts Full call number Barcode Date last seen Price effective from Koha item type
    Library of Congress Classification   College Library College Library General Circulation Section 06/03/2015 Library Fund     PS 3564.I46 .N713 1970 C19504 05/15/2018 06/03/2015 Books

I like you just because;

APA

Nimeth A. J., . (1970). I like you just because. Chicago: Franciscan Herald Press.

Chicago

Nimeth Albert J, . 1970. I like you just because. Chicago: Franciscan Herald Press.

Harvard

Nimeth A. J., . (1970). I like you just because. Chicago: Franciscan Herald Press.

MLA

Nimeth Albert J, . I like you just because. Chicago: Franciscan Herald Press. 1970.

  • Place hold
  • Print
  • Cite
  • Add to your cart (remove)
  • Save record
    BIBTEX Dublin Core MARCXML MARC (non-Unicode/MARC-8) MARC (Unicode/UTF-8) MARC (Unicode/UTF-8, Standard) MODS (XML) RIS
  • More searches
    Search for this title in:
    Other Libraries (WorldCat) Other Databases (Google Scholar) Online Stores (Bookfinder.com) Open Library (openlibrary.org)

Exporting to Dublin Core...

SOUTHVILLE LIBRARY

Southville International School and Colleges Library

1281 Tropical Ave. Cor. Luxembourg St., BF Homes International, Las Pinas City

Tel. No. 8256374 / 252358 Loc. 117/146

Powered by Koha